[Event "20th EUR-ch"]
[Site "Skopje MKD"]
[Date "2019.03.20"]
[Round "3"]
[White "Ivanova, Karina"]
[Black "Jackson, James P"]
[Result "0-1"]
[WhiteElo "2114"]
[BlackElo "2377"]
[EventDate "2019.03.18"]
[Board "142"]
[PlyCount "95"]

1.Nf3 Nf6 2.g3 g6 3.Bg2 Bg7 4.O-O O-O 5.c4 d6 6.Nc3 e5 7.d4 Nc6 8.d5 Nb8 
9.c5 Na6 10.cxd6 cxd6 11.a3 Ne8 12.b4 Bd7 13.Bb2 Rc8 14.Nd2 e4 15.Rc1 f5 
16.f4 Qb6+ 17.Kh1 Nf6 18.Qb3 Ng4 19.h3 Ne3 20.Rfe1 Rc7 21.Nd1 Rxc1 22.Bxc1
Nxd1 23.Rxd1 Nc7 24.e3 Bb5 25.a4 Bd3 26.Nc4 Bxc4 27.Qxc4 Ne8 28.Bd2 Rf7 
29.Qc8 Kf8 30.Bf1 Rc7 31.Qb8 Rd7 32.Qc8 Rd8 33.Qc2 Qc7 34.Qb1 Rc8 35.Rc1 
Qd8 36.Bc4 Nf6 37.Bb3 h5 38.Kg2 Rc7 39.Rxc7 Qxc7 40.Qc1 Qd8 41.Qc4 Kg8 42.
a5 Kh7 43.a6 bxa6 44.Qxa6 Qe7 45.Qc8 Ng8 46.g4 hxg4 47.hxg4 fxg4 48.Qxg4 
0-1

[Event "20th EUR-ch"]
[Site "Skopje MKD"]
[Date "2019.03.20"]
[Round "3"]
[White "Zlatanovic, Boroljub"]
[Black "Efremov, Vladislav"]
[Result "1-0"]
[WhiteElo "2376"]
[BlackElo "2115"]
[EventDate "2019.03.18"]
[Board "143"]
[PlyCount "109"]

1.e4 c5 2.g3 Nc6 3.Bg2 g6 4.c4 Bg7 5.Nc3 e6 6.d3 Nge7 7.h4 h5 8.Bg5 d6 9.
Nf3 a6 10.Qd2 Qc7 11.O-O Nd4 12.Rab1 Nec6 13.a3 b5 14.e5 Nxf3+ 15.Bxf3 
Bxe5 16.cxb5 axb5 17.Nxb5 Qb6 18.d4 cxd4 19.Nxd4 Nxd4 20.Bxa8 Bb7 21.Bxb7 
Qxb7 22.f4 Bg7 23.f5 gxf5 24.Qg2 d5 25.Be3 Nb3 26.Qf3 Be5 27.Rbe1 Rg8 28.
Bg5 Nd2 29.Qxh5 Nxf1 30.Rxe5 Qa6 31.Qh7 Rf8 32.Qxf5 Nxg3 33.Qf6 Qb6+ 34.
Kg2 Qxb2+ 35.Kxg3 Qxa3+ 36.Re3 Qd6+ 37.Qf4 Kd7 38.Rb3 Qxf4+ 39.Bxf4 Rg8+ 
40.Kf3 f6 41.Rb7+ Kc6 42.Rf7 Rh8 43.Kg4 Rg8+ 44.Kh3 d4 45.Rxf6 Kd5 46.h5 
Rh8 47.Kg4 d3 48.h6 Rc8 49.Kf3 Rd8 50.h7 Rh8 51.Rh6 e5 52.Rh5 d2 53.Ke2 
Ke4 54.Bxe5 Rd8 55.Kd1 1-0

[Event "20th EUR-ch"]
[Site "Skopje MKD"]
[Date "2019.03.20"]
[Round "3"]
[White "Trajkovski, Mile"]
[Black "Drazic, Sinisa"]
[Result "0-1"]
[WhiteElo "2105"]
[BlackElo "2370"]
[EventDate "2019.03.18"]
[Board "144"]
[PlyCount "112"]

1.e4 Nf6 2.e5 Nd5 3.c4 Nb6 4.d4 d6 5.f4 dxe5 6.fxe5 Bf5 7.Be3 Nc6 8.Nc3 e6
9.a3 Be7 10.Nf3 O-O 11.d5 Nb8 12.Nd4 Bg6 13.dxe6 c5 14.exf7+ Rxf7 15.Nf3 
Nc6 16.Qxd8+ Rxd8 17.Nd5 Bf8 18.e6 Rf5 19.O-O-O Nxd5 20.Rxd5 Rfxd5 21.cxd5
Na5 22.Bd2 Nb3+ 23.Kd1 Be4 24.Bc4 Bxd5 25.Bxd5 Rxd5 26.Re1 Be7 27.Kc2 Nxd2
28.Nxd2 Kf8 29.g3 Bf6 30.Nf3 Ke7 31.g4 h6 32.h4 c4 33.Re4 b5 34.a4 a6 35.
axb5 axb5 36.g5 hxg5 37.hxg5 Bxg5 38.Nd4 Bf6 39.Nc6+ Ke8 40.Nb4 Rd6 41.b3 
cxb3+ 42.Kxb3 Rd1 43.Na6 Kd8 44.Kb4 Rd5 45.Ka5 Be7 46.Kb6 b4 47.Nxb4 Bxb4 
48.Rxb4 Ke7 49.Re4 Rd6+ 50.Kc5 Rxe6 51.Rg4 Kf6 52.Kd4 g5 53.Rg1 Re2 54.
Rf1+ Kg6 55.Rg1 Kf5 56.Rf1+ Kg4 0-1

[Event "20th EUR-ch"]
[Site "Skopje MKD"]
[Date "2019.03.20"]
[Round "3"]
[White "Caglar, Sila"]
[Black "Garayev, Kanan"]
[Result "0-1"]
[WhiteElo "2094"]
[BlackElo "2368"]
[EventDate "2019.03.18"]
[Board "145"]
[PlyCount "96"]

1.e4 e6 2.d4 d5 3.Bd3 c5 4.exd5 exd5 5.Nf3 Nc6 6.O-O c4 7.Re1+ Be7 8.Bf1 
Nf6 9.b3 cxb3 10.axb3 O-O 11.h3 Bf5 12.c4 Be4 13.Nbd2 Bb4 14.Re3 Re8 15.
Bb2 Ne7 16.Ne5 Bg6 17.Nd3 Bxd2 18.Qxd2 Ne4 19.Qa5 b6 20.Qa4 Nf5 21.Ree1 
dxc4 22.Qxc4 Nd2 23.Qb4 Nxf1 24.Rxe8+ Qxe8 25.Rxf1 Qe4 26.Ne5 Nh4 27.f3 
Qe3+ 28.Rf2 Rc8 29.Qd2 Qxb3 30.d5 Rc2 31.Qd4 Nf5 32.Rxc2 Qxc2 33.Qc4 Qxc4 
34.Nxc4 f6 35.d6 Kf7 36.g4 Nh6 37.f4 Bd3 38.Ne3 Ke6 39.Ba3 Nf7 40.f5+ Kd7 
41.Nd5 Nxd6 42.Nf4 Bc4 43.Nh5 Ne8 44.Kf2 Bf7 45.Nf4 Nd6 46.Ke2 a5 47.Kd3 
Kc6 48.h4 b5 0-1

[Event "20th EUR-ch"]
[Site "Skopje MKD"]
[Date "2019.03.20"]
[Round "3"]
[White "Kalogeris, Ioannis"]
[Black "Angun, Batu"]
[Result "1-0"]
[WhiteElo "2368"]
[BlackElo "2076"]
[EventDate "2019.03.18"]
[Board "146"]
[PlyCount "41"]

1.e4 c5 2.Nf3 d6 3.d4 cxd4 4.Nxd4 Nf6 5.Nc3 a6 6.g3 b5 7.Bg2 Bb7 8.O-O e6 
9.Re1 Nfd7 10.a4 b4 11.Nd5 exd5 12.exd5+ Ne5 13.f4 Be7 14.fxe5 dxe5 15.Nf5
Bf6 16.c4 O-O 17.Be3 Qd7 18.Rf1 e4 19.Nh6+ Kh8 20.Rxf6 gxf6 21.Bd4 1-0

[Event "20th EUR-ch"]
[Site "Skopje MKD"]
[Date "2019.03.20"]
[Round "3"]
[White "Serarols Mabras, Bernat"]
[Black "Peycheva, Gergana"]
[Result "1/2-1/2"]
[WhiteElo "2363"]
[BlackElo "2065"]
[EventDate "2019.03.18"]
[Board "147"]
[PlyCount "67"]

1.d4 Nf6 2.c4 e6 3.g3 d5 4.Bg2 dxc4 5.Nf3 c5 6.O-O Nc6 7.Qa4 Bd7 8.Qxc4 b5
9.Qd3 c4 10.Qc2 Rc8 11.e4 Be7 12.Rd1 O-O 13.Qe2 Re8 14.Ne5 Qa5 15.Bg5 Red8
16.Nxd7 Rxd7 17.d5 Rcd8 18.Nc3 Ne5 19.Bh3 Qb6 20.Be3 Bc5 21.Bxc5 Qxc5 22.
dxe6 Rd2 23.Bf1 R2d3 24.exf7+ Kxf7 25.Kg2 Kg8 26.Nd5 Nfg4 27.Re1 Rf8 28.
Nf4 Nxf2 29.Qxf2 Qxf2+ 30.Kxf2 g5 31.Bxd3 Nxd3+ 32.Ke3 gxf4+ 33.gxf4 Nxe1 
34.Rxe1 1/2-1/2

[Event "20th EUR-ch"]
[Site "Skopje MKD"]
[Date "2019.03.20"]
[Round "3"]
[White "Dimic, Pavle"]
[Black "Karaoglan, Kivanc"]
[Result "1/2-1/2"]
[WhiteElo "2351"]
[BlackElo "1943"]
[EventDate "2019.03.18"]
[Board "148"]
[PlyCount "32"]

1.d4 d5 2.c4 c6 3.Nc3 Nf6 4.e3 Bf5 5.cxd5 cxd5 6.Qb3 Bc8 7.Nf3 Nc6 8.Bb5 
e6 9.Ne5 Bd7 10.Nxd7 Qxd7 11.Bd2 Bd6 12.Rc1 O-O 13.Bxc6 bxc6 14.Na4 Ne4 
15.Qd3 Rab8 16.O-O c5 1/2-1/2

[Event "20th EUR-ch"]
[Site "Skopje MKD"]
[Date "2019.03.20"]
[Round "3"]
[White "Roch, Florian"]
[Black "Borsuk, Konstantin"]
[Result "0-1"]
[WhiteElo "1916"]
[BlackElo "2346"]
[EventDate "2019.03.18"]
[Board "149"]
[PlyCount "138"]

1.e4 e6 2.d4 d5 3.Nc3 Bb4 4.e5 Ne7 5.a3 Bxc3+ 6.bxc3 c5 7.Qg4 O-O 8.Bd3 f5
9.exf6 Rxf6 10.Bg5 Rf7 11.Qh5 g6 12.Qd1 Nbc6 13.Nf3 Qf8 14.O-O c4 15.Be2 
Nf5 16.Ne5 Nxe5 17.dxe5 h6 18.Bf6 Kh7 19.Qd2 Nd6 20.exd6 Rxf6 21.d7 Bxd7 
22.Bxc4 Bc6 23.Bd3 e5 24.c4 d4 25.Rae1 Re8 26.f3 Qxa3 27.Ra1 Qf8 28.Rxa7 
e4 29.fxe4 Rxf1+ 30.Bxf1 Rxe4 31.Ra1 Qc5 32.Qf2 Qe5 33.Qf7+ Qg7 34.Qxg7+ 
Kxg7 35.g3 Kf6 36.Bd3 Re6 37.Rf1+ Ke7 38.Ra1 g5 39.Kf2 Kd6 40.Ra8 Kc5 41.
Ra3 Rd6 42.Rb3 b6 43.Rb1 Rd8 44.Re1 Rf8+ 45.Kg1 Rf6 46.Rb1 Be8 47.Rb2 h5 
48.Rb1 Re6 49.Kf2 Bc6 50.Kg1 h4 51.Rf1 hxg3 52.hxg3 Re5 53.Rf6 Bd7 54.Kf2 
Be6 55.Rf8 g4 56.Re8 Re3 57.Re7 Rf3+ 58.Kg2 Re3 59.Kf2 Kb4 60.Rb7 Bxc4 61.
Bxc4 Kxc4 62.Rxb6 Rf3+ 63.Kg2 Rc3 64.Rb2 Re3 65.Kf2 Rf3+ 66.Kg2 Kc3 67.Ra2
Rf5 68.Ra4 Rb5 69.Kf2 Rb2 0-1

[Event "20th EUR-ch"]
[Site "Skopje MKD"]
[Date "2019.03.20"]
[Round "3"]
[White "Rabatin, Jakub"]
[Black "Azadaliyev, Jahandar"]
[Result "1/2-1/2"]
[WhiteElo "2313"]
[BlackElo "1863"]
[EventDate "2019.03.18"]
[Board "150"]
[PlyCount "133"]

1.Nf3 f5 2.d3 Nf6 3.e4 d6 4.exf5 Bxf5 5.d4 g6 6.Nc3 Bg7 7.Bd3 Qd7 8.O-O 
O-O 9.Re1 Bg4 10.Be2 Nc6 11.d5 Bxf3 12.Bxf3 Ne5 13.Be2 e6 14.f4 Nf7 15.Bb5
Qe7 16.Rxe6 Qd8 17.Be3 Nh6 18.h3 Nh5 19.Qd2 Qh4 20.Ne2 Bxb2 21.Bf2 Qd8 22.
Rb1 Bh8 23.g4 Ng7 24.Re4 Nf7 25.Nd4 Nh6 26.Rbe1 a6 27.Ba4 b5 28.Nc6 Qd7 
29.Re7 Qc8 30.Bd4 Rf7 31.Rxf7 Kxf7 32.Re7+ Kf8 33.Qc3 Nf7 34.Bb3 b4 35.Qg3
Nf5 36.gxf5 Bxd4+ 37.Kh2 Bf6 38.fxg6 hxg6 39.Re6 Kg7 40.Bc4 Qh8 41.Bd3 Qh5
42.Nxb4 a5 43.Nc6 Rh8 44.Ne7 Bxe7 45.Rxe7 Rh6 46.f5 g5 47.Be2 Qh4 48.Rxc7 
Rf6 49.Qxh4 gxh4 50.Bg4 Kh6 51.Ra7 Kg5 52.Rxa5 Ne5 53.Ra4 Rf8 54.Re4 Rc8 
55.Re2 Rc4 56.Rf2 Kf6 57.Bh5 Rc5 58.Rd2 Rc3 59.Bg4 Ra3 60.Kg2 Rg3+ 61.Kf2 
Nxg4+ 62.hxg4 Rxg4 63.Re2 Kxf5 64.Re6 h3 65.Rxd6 Rg2+ 66.Kf1 Rxc2 67.Rh6 
1/2-1/2

[Event "20th EUR-ch"]
[Site "Skopje MKD"]
[Date "2019.03.20"]
[Round "3"]
[White "Janjic, Stefan"]
[Black "Megalios, Konstantinos"]
[Result "0-1"]
[WhiteElo "2086"]
[BlackElo "2416"]
[EventDate "2019.03.18"]
[Board "152"]
[PlyCount "93"]

1.d4 Nf6 2.Nf3 e6 3.c4 Bb4+ 4.Bd2 Qe7 5.g3 Bxd2+ 6.Qxd2 Nc6 7.Nc3 d5 8.Ne5
dxc4 9.Nxc6 bxc6 10.Bg2 O-O 11.Bxc6 Rb8 12.O-O Rd8 13.Bg2 Qb4 14.Qf4 Qd6 
15.Qc1 Qb6 16.e3 Qxb2 17.Rb1 Qxc1 18.Rfxc1 Bd7 19.Bf1 e5 20.Bxc4 exd4 21.
exd4 Rb6 22.Rxb6 axb6 23.Bb3 Kf8 24.Nd1 Ne8 25.Ne3 Be6 26.d5 Bc8 27.Ba4 
Bd7 28.Bb3 g6 29.Kg2 Ra8 30.Kf3 Ba4 31.Bc4 Ra5 32.Ke2 Ke7 33.Kd3 Rc5 34.
Rc3 Nd6 35.Kd4 h5 36.Bd3 Rxc3 37.Kxc3 Bd7 38.Kd4 Nb5+ 39.Kc4 Kf6 40.f3 g5 
41.f4 Nd6+ 42.Kd4 h4 43.fxg5+ Kxg5 44.gxh4+ Kxh4 45.Ke5 Kg5 46.Nc4 Nxc4+ 
47.Bxc4 0-1

[Event "20th EUR-ch"]
[Site "Skopje MKD"]
[Date "2019.03.20"]
[Round "3"]
[White "Erdogdu, Mert"]
[Black "Ivankovic, Ivo"]
[Result "1-0"]
[WhiteElo "2413"]
[BlackElo "2109"]
[EventDate "2019.03.18"]
[Board "153"]
[PlyCount "69"]

1.c4 e5 2.Nc3 Nf6 3.g3 d5 4.cxd5 Nxd5 5.Bg2 Nxc3 6.bxc3 Bd6 7.Rb1 c6 8.d3 
O-O 9.Nf3 Nd7 10.O-O Qc7 11.d4 b6 12.e4 Bb7 13.Nh4 Rfe8 14.Nf5 Bf8 15.f4 
exd4 16.cxd4 Rad8 17.Bb2 Nf6 18.Qc2 Qc8 19.Rbd1 h5 20.h3 a5 21.Kh2 Qe6 22.
e5 Nd5 23.Qe4 Ba8 24.Nh4 Nb4 25.a3 c5 26.Qe2 Bxg2 27.Nxg2 Nc6 28.f5 Qb3 
29.dxc5 Rxd1 30.Rxd1 Bxc5 31.e6 fxe6 32.Qxh5 Rf8 33.Bxg7 Kxg7 34.Qg6+ Kh8 
35.f6 1-0

[Event "20th EUR-ch"]
[Site "Skopje MKD"]
[Date "2019.03.20"]
[Round "3"]
[White "Kamer, Kayra"]
[Black "Konstantinov, Aleksandar"]
[Result "1-0"]
[WhiteElo "2397"]
[BlackElo "2079"]
[EventDate "2019.03.18"]
[Board "154"]
[PlyCount "29"]

1.g3 g6 2.Bg2 Bg7 3.Nc3 c5 4.e4 Nc6 5.d3 e5 6.Be3 d6 7.Qd2 Nge7 8.Bh6 O-O 
9.h4 Nd4 10.Bxg7 Kxg7 11.h5 Ng8 12.Nd5 Be6 13.c3 Nc6 14.Nf3 Bg4 15.Rh4 1-0

[Event "20th EUR-ch"]
[Site "Skopje MKD"]
[Date "2019.03.20"]
[Round "3"]
[White "Radovanovic, Dusan"]
[Black "Gebigke, Martin"]
[Result "1-0"]
[WhiteElo "2331"]
[BlackElo "2078"]
[EventDate "2019.03.18"]
[Board "155"]
[PlyCount "59"]

1.e4 c5 2.Nf3 d6 3.d4 cxd4 4.Nxd4 Nf6 5.Nc3 a6 6.Rg1 e5 7.Nb3 Be6 8.g4 h6 
9.Be3 Be7 10.Qf3 Nbd7 11.O-O-O Rc8 12.h4 h5 13.gxh5 Nxh5 14.Kb1 g6 15.Nd5 
Bxh4 16.Bh3 Ng7 17.Rh1 Rh5 18.Qg2 Bxh3 19.Rxh3 Ne6 20.f4 exf4 21.Nxf4 Nxf4
22.Bxf4 Ne5 23.Nd4 Rc5 24.Nf3 Nxf3 25.Qxf3 Be7 26.e5 Rxh3 27.Qxh3 d5 28.e6
fxe6 29.Qxe6 Qd7 30.Qg8+ 1-0

[Event "20th EUR-ch"]
[Site "Skopje MKD"]
[Date "2019.03.20"]
[Round "3"]
[White "Veljanoski, Andrej"]
[Black "Chittka, Julius"]
[Result "0-1"]
[WhiteElo "2063"]
[BlackElo "2288"]
[EventDate "2019.03.18"]
[Board "156"]
[PlyCount "92"]

1.e4 c5 2.Nf3 Nc6 3.d4 cxd4 4.Nxd4 Nf6 5.Nc3 e5 6.Ndb5 d6 7.Bg5 a6 8.Na3 
b5 9.Nd5 Be7 10.Bxf6 Bxf6 11.c3 Rb8 12.Nc2 Bg5 13.a4 bxa4 14.Ncb4 Nxb4 15.
Nxb4 Bb7 16.Qxa4+ Kf8 17.Bd3 g6 18.Nc6 Bxc6 19.Qxc6 Rxb2 20.O-O Rb6 21.Qd5
Kg7 22.Bxa6 Qc7 23.c4 Rb2 24.Rab1 Rhb8 25.Rbd1 Qa7 26.Bb5 Rd8 27.Ra1 Qd4 
28.Qxd4 exd4 29.f4 Bf6 30.Rf2 Rb3 31.Rf3 Re3 32.Kf2 Rxe4 33.Ra2 Rc8 34.Re2
Rxe2+ 35.Kxe2 Ra8 36.Kd3 Ra2 37.g4 Kf8 38.h3 Ke7 39.Ke4 h6 40.Kd5 g5 41.
fxg5 hxg5 42.Ke4 Re2+ 43.Kd3 Rb2 44.Bc6 Be5 45.Bd5 f6 46.Rf5 Kd7 0-1

[Event "20th EUR-ch"]
[Site "Skopje MKD"]
[Date "2019.03.20"]
[Round "3"]
[White "Doncevic, Dario"]
[Black "Pantovic, Dragan M"]
[Result "1-0"]
[WhiteElo "2249"]
[BlackElo "2063"]
[EventDate "2019.03.18"]
[Board "157"]
[PlyCount "59"]

1.e4 e5 2.Nf3 Nc6 3.d4 exd4 4.c3 d5 5.exd5 Qxd5 6.cxd4 Bb4+ 7.Nc3 Bg4 8.
Be2 Bxf3 9.Bxf3 Qc4 10.Bd2 O-O-O 11.Bxc6 Qxc6 12.Qg4+ Kb8 13.O-O Nf6 14.
Qh4 h6 15.Rac1 g5 16.Qh3 Rxd4 17.Ne2 Qe4 18.Nxd4 Bxd2 19.Rc4 c5 20.Qf5 
Qxf5 21.Nxf5 b6 22.Nd6 Bf4 23.Nf5 Be5 24.b3 Nd5 25.Rd1 Nc3 26.Rd7 Re8 27.
g3 Re6 28.Rxf7 Nxa2 29.Ra4 Bf6 30.Raxa7 1-0

[Event "20th EUR-ch"]
[Site "Skopje MKD"]
[Date "2019.03.20"]
[Round "3"]
[White "Trisha, Kanyamarala"]
[Black "Emanuel, Yahav"]
[Result "0-1"]
[WhiteElo "2061"]
[BlackElo "2245"]
[EventDate "2019.03.18"]
[Board "158"]
[PlyCount "108"]

1.d4 Nf6 2.c4 e6 3.Nf3 d5 4.Nc3 Be7 5.Bg5 h6 6.Bh4 O-O 7.e3 b6 8.Bd3 Bb7 
9.O-O Nbd7 10.Bg3 c5 11.cxd5 exd5 12.Qc2 c4 13.Bf5 Ne8 14.Ne5 Ndf6 15.f3 
Nd6 16.Bh3 b5 17.Bf2 a5 18.g4 b4 19.Ne2 a4 20.a3 Qb6 21.Rfb1 Rfb8 22.Bh4 
Bc8 23.axb4 Nxg4 24.Bxe7 Nxe5 25.Bxd6 Nxf3+ 26.Kf2 Qxd6 27.Bxc8 Ng5 28.Bf5
Qxh2+ 29.Kf1 Nf3 30.Nf4 Nd2+ 31.Ke1 Nf3+ 32.Kf1 Qg1+ 33.Ke2 Nxd4+ 34.exd4 
Re8+ 35.Ne6 Qg2+ 36.Kd1 Qh1+ 37.Ke2 Qg2+ 38.Kd1 Qh1+ 39.Ke2 Qh5+ 40.Kd2 
fxe6 41.Bh7+ Kh8 42.Rh1 Qg5+ 43.Kd1 Rf8 44.Ra3 Rf4 45.Qg6 Rxd4+ 46.Kc2 
Rd2+ 47.Kb1 Qe5 48.Rc3 a3 49.Rc2 Rxc2 50.Qxc2 axb2 51.Qxb2 Qxb2+ 52.Kxb2 
Kxh7 53.Kc2 Rb8 54.Re1 Rb6 0-1

[Event "20th EUR-ch"]
[Site "Skopje MKD"]
[Date "2019.03.20"]
[Round "3"]
[White "Krstev, Emil"]
[Black "Dinev, Dejan"]
[Result "0-1"]
[WhiteElo "2050"]
[BlackElo "2239"]
[EventDate "2019.03.18"]
[Board "159"]
[PlyCount "164"]

1.d4 Nf6 2.c4 e6 3.Nc3 d5 4.Nf3 a6 5.c5 b6 6.cxb6 cxb6 7.Bf4 Bd6 8.Bxd6 
Qxd6 9.e3 O-O 10.Bd3 Nbd7 11.O-O e5 12.dxe5 Nxe5 13.Nxe5 Qxe5 14.Bc2 Be6 
15.Qd4 Qxd4 16.exd4 b5 17.a3 Rfc8 18.Rfc1 Kf8 19.f3 Ne8 20.Na2 Nd6 21.Bd3 
Bf5 22.Bf1 Be6 23.Bd3 h6 24.Kf2 a5 25.Ke3 Nc4+ 26.Bxc4 bxc4 27.Nc3 Rab8 
28.Rc2 Rb3 29.Kf4 g5+ 30.Kg3 Rcb8 31.Ra2 Ke7 32.Re2 Kd6 33.Kf2 Bd7 34.Ke1 
f6 35.Kd1 h5 36.Ke1 h4 37.Kf2 Bf5 38.Rd2 Bd7 39.Re2 Bf5 40.Rd2 Bd3 41.Kg1 
Bf5 42.Kf2 Bd7 43.Re2 Bc6 44.Rd2 R3b7 45.Re2 Re7 46.Rxe7 Kxe7 47.Ke3 Ke6 
48.Kf2 Kf5 49.g4+ hxg3+ 50.hxg3 Ke6 51.Kg2 f5 52.Kf2 f4 53.g4 Kd6 54.Kg2 
Be8 55.Kf2 Bg6 56.Kg2 Be8 57.Nd1 Ba4 58.Nc3 Bc2 59.Kf2 Rh8 60.Kg2 Re8 61.
Ra1 Rb8 62.Ra2 Kc6 63.Kf2 Rb7 64.Kg2 Re7 65.Ra1 Re3 66.Rc1 Bb3 67.Rh1 Rd3 
68.Rh6+ Kd7 69.Rh7+ Ke6 70.Rh6+ Kf7 71.Rh7+ Kg6 72.Rd7 Rd2+ 73.Kg1 Rxb2 
74.Rxd5 Rc2 75.Ne4 c3 76.Rxg5+ Kf7 77.Rxa5 Rc1+ 78.Kf2 c2 79.Ra7+ Kf8 80.
Ra8+ Ke7 81.Ra7+ Kd8 82.Nd2 Rb1 0-1

[Event "20th EUR-ch"]
[Site "Skopje MKD"]
[Date "2019.03.20"]
[Round "3"]
[White "Heinemann, Josefine"]
[Black "Bejatovic, Bojana"]
[Result "1-0"]
[WhiteElo "2238"]
[BlackElo "2058"]
[EventDate "2019.03.18"]
[Board "160"]
[PlyCount "55"]

1.e4 c5 2.Nf3 e6 3.d4 cxd4 4.Nxd4 Nf6 5.Nc3 Nc6 6.Nxc6 bxc6 7.e5 Nd5 8.Ne4
Qc7 9.f4 Qb6 10.c4 Ne3 11.Qd3 Bb4+ 12.Ke2 Nxc4 13.Kf3 Ba6 14.Qc2 d5 15.
exd6 Nxd6 16.Be3 Qb7 17.Bxa6 Qxa6 18.a3 f5 19.Ng5 Ba5 20.Nxe6 Qb7 21.Qc5 
Qd7 22.Nxg7+ Qxg7 23.Qxd6 Rd8 24.Qxc6+ Rd7 25.Rhd1 Rg8 26.Qxd7+ Qxd7 27.
Rxd7 Kxd7 28.Bxa7 1-0

[Event "20th EUR-ch"]
[Site "Skopje MKD"]
[Date "2019.03.20"]
[Round "3"]
[White "Di Benedetto, Desiree"]
[Black "Kacakovski, Dimitar"]
[Result "1-0"]
[WhiteElo "2236"]
[BlackElo "2043"]
[EventDate "2019.03.18"]
[Board "161"]
[PlyCount "49"]

1.d4 d5 2.Bf4 Nf6 3.e3 c5 4.c3 Nc6 5.Nd2 cxd4 6.exd4 Bf5 7.Ngf3 e6 8.Qb3 
Bd6 9.Bxd6 Qxd6 10.Qxb7 Rb8 11.Qa6 O-O 12.Bb5 Rb6 13.Qa4 Ne7 14.b3 Ne4 15.
Nxe4 Bxe4 16.Be2 Rc6 17.O-O Bxf3 18.Bxf3 Rxc3 19.Qxa7 Rfc8 20.Rfd1 Ng6 21.
Be2 Qf4 22.g3 Qg5 23.Qa6 h5 24.Rd3 R3c6 25.Qb5 1-0

[Event "20th EUR-ch"]
[Site "Skopje MKD"]
[Date "2019.03.20"]
[Round "3"]
[White "Sukovic, Andrej"]
[Black "Dwilewicz, Katarzyna"]
[Result "1-0"]
[WhiteElo "2235"]
[BlackElo "2040"]
[EventDate "2019.03.18"]
[Board "162"]
[PlyCount "65"]

1.e4 e5 2.Nf3 Nc6 3.Bb5 a6 4.Ba4 Nf6 5.O-O Be7 6.Re1 b5 7.Bb3 O-O 8.c3 d5 
9.exd5 Nxd5 10.Nxe5 Nxe5 11.Rxe5 c6 12.d4 Bd6 13.Re1 Qh4 14.g3 Qh3 15.Re4 
g5 16.Qf1 Qh5 17.Nd2 Bf5 18.f3 h6 19.Qf2 Qg6 20.Re1 Rae8 21.Ne4 Bc7 22.Bd2
Bb6 23.Nc5 a5 24.a4 Bxc5 25.dxc5 Bc2 26.Bxd5 cxd5 27.axb5 a4 28.Be3 Re6 
29.Bd4 Qd3 30.Rxe6 fxe6 31.Qe3 Qxe3+ 32.Bxe3 Kf7 33.c6 1-0

[Event "20th EUR-ch"]
[Site "Skopje MKD"]
[Date "2019.03.20"]
[Round "3"]
[White "Milikow, Elie"]
[Black "Birkholz, Olga"]
[Result "1-0"]
[WhiteElo "2226"]
[BlackElo "2037"]
[EventDate "2019.03.18"]
[Board "163"]
[PlyCount "133"]

1.e4 c5 2.Nf3 d6 3.d4 cxd4 4.Nxd4 Nf6 5.Nc3 a6 6.Be2 e5 7.Nb3 Be7 8.Be3 
Be6 9.Qd3 Qc8 10.Rc1 O-O 11.O-O Nc6 12.a3 Nd8 13.Nd5 Nxd5 14.exd5 Bf5 15.
Qd2 Qd7 16.c4 Bg6 17.c5 dxc5 18.Nxc5 Bxc5 19.Bxc5 Re8 20.Rfd1 h6 21.Bb6 
Bf5 22.Rc7 Qd6 23.Qb4 Qg6 24.Rc3 Bc8 25.Qa4 f5 26.Rg3 Qf7 27.Qh4 f4 28.Rc3
Bd7 29.Rc7 Qg6 30.Rxd7 Qxb6 31.Bh5 Rf8 32.d6 g5 33.Qh3 Qc6 34.Rc7 Qe4 35.
Bf3 Qg6 36.Bd5+ Nf7 37.Re7 Rad8 38.Re6 Qc2 39.Rf1 Kg7 40.Bb3 Qe4 41.Rc1 
Rxd6 42.Rxd6 Nxd6 43.Qd7+ Nf7 44.Bd5 Qe2 45.Qxb7 Qd2 46.Rf1 a5 47.b3 Qb2 
48.a4 Qd4 49.h3 h5 50.Rc1 g4 51.Rc7 Qd1+ 52.Kh2 g3+ 53.fxg3 fxg3+ 54.Kxg3 
Qd3+ 55.Kh2 Qf5 56.Rxf7+ Rxf7 57.Qxf7+ Qxf7 58.Bxf7 Kxf7 59.g4 h4 60.Kg2 
e4 61.Kf2 Kf6 62.Ke3 Ke5 63.g5 Kf5 64.g6 Kxg6 65.Kxe4 Kg5 66.Ke5 Kg6 67.
Kf4 1-0

[Event "20th EUR-ch"]
[Site "Skopje MKD"]
[Date "2019.03.20"]
[Round "3"]
[White "Andolfatto, Maria"]
[Black "Martinov, Levko"]
[Result "1-0"]
[WhiteElo "2033"]
[BlackElo "2225"]
[EventDate "2019.03.18"]
[Board "164"]
[PlyCount "85"]

1.Nf3 Nf6 2.c4 c5 3.g3 g6 4.Bg2 Bg7 5.Nc3 Nc6 6.O-O O-O 7.d4 cxd4 8.Nxd4 
Qb6 9.Nb3 d6 10.Nd5 Nxd5 11.cxd5 Ne5 12.Be3 Qa6 13.Bd4 Bd7 14.Nd2 Rfc8 15.
a4 Nc4 16.Bxg7 Kxg7 17.Ne4 Qb6 18.Ra2 Rc7 19.Qa1 Kg8 20.a5 Qd4 21.Rd1 Qe5 
22.Bf3 Rac8 23.Qb1 f5 24.b3 fxe4 25.Bxe4 Nxa5 26.Rxa5 b6 27.Ra2 Bf5 28.
Bxf5 Qxf5 29.e4 Qf3 30.b4 Qxd1+ 31.Qxd1 Rc1 32.Qxc1 Rxc1+ 33.Kg2 Rb1 34.
Rxa7 Kf7 35.e5 dxe5 36.d6 Rxb4 37.Rxe7+ Kf6 38.Rb7 Ke6 39.d7 Ke7 40.d8=Q+ 
Kxd8 41.Rxh7 b5 42.Rg7 Rb2 43.Rxg6 1-0

[Event "20th EUR-ch"]
[Site "Skopje MKD"]
[Date "2019.03.20"]
[Round "3"]
[White "Tadic, Stefan"]
[Black "Tadic, Katarina"]
[Result "1-0"]
[WhiteElo "2223"]
[BlackElo "2031"]
[EventDate "2019.03.18"]
[Board "165"]
[PlyCount "57"]

1.e4 c6 2.d4 d5 3.e5 Bf5 4.h4 h5 5.Bg5 Qb6 6.Bd3 Bxd3 7.Qxd3 Qxb2 8.e6 
Qxa1 9.Qb3 b5 10.Nf3 Nf6 11.O-O Ne4 12.Bc1 a5 13.Bb2 a4 14.Qa3 Qxb2 15.
exf7+ Kxf7 16.Qxb2 Nd6 17.Ng5+ Kg8 18.Qc3 Ra7 19.Re1 Rh6 20.Re6 Rxe6 21.
Nxe6 Ne4 22.Qe3 Nd7 23.f3 Nef6 24.Nf4 b4 25.Nd2 Rc7 26.g4 hxg4 27.fxg4 Rb7
28.g5 Ne8 29.Qe6+ 1-0

[Event "20th EUR-ch"]
[Site "Skopje MKD"]
[Date "2019.03.20"]
[Round "3"]
[White "Hadzi-Manev, Ljubomir"]
[Black "Sahin, Ozgun"]
[Result "0-1"]
[WhiteElo "2030"]
[BlackElo "2221"]
[EventDate "2019.03.18"]
[Board "166"]
[PlyCount "86"]

1.d4 g6 2.Nf3 Bg7 3.Bf4 d6 4.e3 Nd7 5.h3 e5 6.dxe5 dxe5 7.Bh2 Ne7 8.Nc3 
O-O 9.Bc4 a6 10.a4 b6 11.O-O Bb7 12.e4 Nc6 13.Bd5 Qe7 14.Qd2 Nc5 15.Rad1 
Rad8 16.Qe3 Kh8 17.Bg3 Rd7 18.Rd2 Rfd8 19.Rfd1 f6 20.b3 Qf8 21.Bxc6 Rxd2 
22.Rxd2 Bxc6 23.Rxd8 Qxd8 24.Ne1 Ne6 25.Qd3 Nd4 26.Qxa6 Bf8 27.Qc4 Bd7 28.
Ne2 b5 29.Qd3 Nxe2+ 30.Qxe2 bxa4 31.bxa4 Bxa4 32.Qc4 Qd7 33.Nd3 Bb5 34.Qc3
c6 35.f4 Qd4+ 36.Qxd4 exd4 37.Be1 c5 38.Kf2 c4 39.Nb4 c3 40.Nd5 Ba4 41.
Nxf6 Bxc2 42.e5 Be7 43.Kf3 Bb1 0-1

[Event "20th EUR-ch"]
[Site "Skopje MKD"]
[Date "2019.03.20"]
[Round "3"]
[White "Tifferet, Shaked"]
[Black "Tarun, Kanyamarala"]
[Result "1/2-1/2"]
[WhiteElo "2219"]
[BlackElo "2027"]
[EventDate "2019.03.18"]
[Board "167"]
[PlyCount "54"]

1.e4 c6 2.d4 d5 3.Nc3 dxe4 4.Nxe4 Nf6 5.Nxf6+ exf6 6.c3 Bd6 7.Bd3 O-O 8.
Ne2 Re8 9.Qc2 h5 10.Be3 Nd7 11.O-O-O Nf8 12.Kb1 Be6 13.c4 Rc8 14.a3 b5 15.
d5 cxd5 16.c5 Nd7 17.c6 Ne5 18.Bxb5 a6 19.Ba4 Nc4 20.Nd4 Rb8 21.Bb3 Bg4 
22.Bxc4 dxc4 23.Rd2 Bxa3 24.Qxc4 Qa5 25.c7 Rb4 26.Qa2 Rb7 27.Rc2 Bd7 
1/2-1/2

[Event "20th EUR-ch"]
[Site "Skopje MKD"]
[Date "2019.03.20"]
[Round "3"]
[White "Stoinev, Metodi"]
[Black "Vetokhin, Savva"]
[Result "0-1"]
[WhiteElo "2215"]
[BlackElo "2022"]
[EventDate "2019.03.18"]
[Board "168"]
[PlyCount "66"]

1.e4 e6 2.d4 d5 3.Nd2 a6 4.Bd3 c5 5.dxc5 Bxc5 6.Qe2 Nf6 7.e5 Nfd7 8.Ngf3 
Nc6 9.O-O Nb4 10.Nb3 Nxd3 11.cxd3 Be7 12.Be3 O-O 13.Rac1 b6 14.Nbd4 Bb7 
15.a3 Rc8 16.b4 Rxc1 17.Rxc1 Qb8 18.Bf4 Rc8 19.Qd2 Bd8 20.h4 Rxc1+ 21.Qxc1
Qc7 22.Qd2 h6 23.g4 Nf8 24.Kg2 Bc8 25.Bg3 Qd7 26.h5 Be7 27.g5 hxg5 28.Nxg5
Qd8 29.f4 f6 30.Nh3 Qe8 31.Qe2 f5 32.Ng5 Bd8 33.Kh3 Bd7 {42...0-1.} 0-1

[Event "20th EUR-ch"]
[Site "Skopje MKD"]
[Date "2019.03.20"]
[Round "3"]
[White "Bytyqi, Gzim"]
[Black "Uzumcu, Ahmet Utku"]
[Result "0-1"]
[WhiteElo "1994"]
[BlackElo "2211"]
[EventDate "2019.03.18"]
[Board "169"]
[PlyCount "48"]

1.Nf3 Nf6 2.g3 g6 3.Bg2 d5 4.d4 Bg7 5.c4 O-O 6.Nc3 Nc6 7.cxd5 Nxd5 8.e4 
Nb6 9.e5 Bg4 10.Be3 Nc4 11.O-O Nxe3 12.fxe3 Bh6 13.Re1 Qd7 14.Ne4 Rad8 15.
Qb3 b6 16.Rac1 Bxf3 17.Bxf3 Nxd4 18.exd4 Qxd4+ 19.Kg2 Bxc1 20.Rxc1 Qxe5 
21.Re1 c5 22.Re2 Rd4 23.h4 Re8 24.Nf2 Qf6 0-1

[Event "20th EUR-ch"]
[Site "Skopje MKD"]
[Date "2019.03.20"]
[Round "3"]
[White "Ongut, Tamas Gunes"]
[Black "Kocyigit, Buse Naz"]
[Result "1/2-1/2"]
[WhiteElo "2197"]
[BlackElo "1973"]
[EventDate "2019.03.18"]
[Board "170"]
[PlyCount "29"]

1.c4 Nf6 2.Nc3 d5 3.cxd5 Nxd5 4.Nf3 g6 5.Qb3 Nb6 6.d4 Bg7 7.Bf4 O-O 8.Rd1 
Bd7 9.e4 a5 10.Be2 a4 11.Qa3 f5 12.e5 c6 13.h4 Be6 14.h5 gxh5 15.Rxh5 
1/2-1/2